| 000 | 01230cam a22003011 4500 | ||
|---|---|---|---|
| 001 | gs 53000242 | ||
| 003 | DLC | ||
| 005 | 20260227111400.0 | ||
| 008 | 780715s1953 dcubf b f000 0 eng | ||
| 010 | _ags 53000242 | ||
| 035 | _a(OCoLC)4055462 | ||
| 040 |
_aDLC _cOClU _dISS _dOCoLC _dDLC |
||
| 043 | _apoxd--- | ||
| 050 | 0 | 0 |
_aQE75 _b.P9 no. 235 |
| 051 |
_aQE349.S3 _bC6 |
||
| 082 | _a563.12 | ||
| 086 | 0 | _aI 19.16:253 | |
| 100 | 1 |
_aCole, W. Storrs _q(William Storrs), _d1902-1989. |
|
| 245 | 0 | 0 |
_aGeology and larger Foraminifera of Saipan Island, _cby W. Storrs Cole and Josiah Bridge. |
| 260 |
_aWashington, _bU.S. Govt. Print. Off., _c1953. |
||
| 300 |
_aiii, 45 p. _b14 plates on 7 l., fold. col. map (in pocket) tables. _c29 cm. |
||
| 410 | 2 | 0 |
_aGeological Survey (U.S.). _tProfessional paper, _v253 |
| 500 | _a"A preliminary report on the geology of this interesting island in the Mariana Islands, Trust Territory of the Pacific, and descriptions of some of the larger microfossils." | ||
| 504 | _a"Literature cited": p. 40-41. | ||
| 650 | 0 |
_aGeology _zNorthern Mariana Islands _zSaipan. |
|
| 650 | 0 |
_aForaminifera, Fossil _zNorthern Mariana Islands _zSaipan. |
|
| 700 | 1 |
_aBridge, Josiah, _d1890-1953, _ejoint author. |
|
| 999 |
_c28775 _d28775 |
||